[Event "Ct. Catalunya eq DH"]
[Site "?"]
[Date "2013.03.09"]
[Round "8.2"]
[White "Cuadras Avellana, J."]
[Black "Gonzalez Perez, A."]
[Result "0-1"]
[WhiteElo "2388"]
[BlackElo "2491"]
[PlyCount "66"]
[EventDate "2013.??.??"]
[EventType "tourn"]
[EventRounds "11"]

1. e4 c5 2. Nf3 d6 3. d4 cxd4 4. Nxd4 Nf6 5. Nc3 g6 6. Be3 Bg7 7. f3 O-O 8. Qd2
Nc6 9. Bc4 Bd7 10. O-O-O Rc8 11. Bb3 Nxd4 12. Bxd4 b5 13. a3 a5 14. Nd5 Nxd5
15. Bxg7 Kxg7 16. exd5 b4 17. axb4 axb4 18. Qxb4 Kg8 19. Rhe1 Re8 20. Rd4 Rc5
21. Kd2 Qc7 22. Ke3 Rb8 23. Qd2 Bf5 24. Rd3 Qa7 25. Kf4 Bxd3 26. Qxd3 Ra5 27.
Qe4 Qf2 28. Re2 e5+ 29. Kg5 Qc5 30. Qe3 Qc7 31. Kh4 f5 32. Qxe5 dxe5 33. d6+
Qf7 0-1

[Event "Ct. Catalunya eq DH"]
[Site "?"]
[Date "2013.03.09"]
[Round "8.2"]
[White "Fernandez Aguado, E."]
[Black "Narciso Dublan, M."]
[Result "0-1"]
[WhiteElo "2419"]
[BlackElo "2569"]
[PlyCount "88"]
[EventDate "2013.??.??"]
[EventType "tourn"]
[EventRounds "11"]

1. d4 e6 2. c4 f5 3. g3 Nf6 4. Bg2 d5 5. Nh3 Bd6 6. Bf4 Be7 7. O-O O-O 8. Qb3
c6 9. Nd2 Na6 10. a3 h6 11. Rad1 g5 12. Be5 Ng4 13. cxd5 cxd5 14. Rc1 Nxe5 15.
dxe5 Nc5 16. Qc2 Bd7 17. b4 Ba4 18. Qb2 Nd7 19. Rc3 Qb6 20. Qa2 Nxe5 21. Rfc1
Bf6 22. Rc5 Rad8 23. Kh1 Bb5 24. f4 Nd7 25. fxg5 hxg5 26. Bxd5 Nxc5 27. bxc5
Qa6 28. Bxe6+ Kg7 29. Bxf5 Bc6+ 30. Nf3 Rfe8 31. Rc4 Rd1+ 32. Kg2 Bd5 33. Bd3
Rxd3 34. exd3 Bxc4 35. dxc4 g4 36. Nf4 gxf3+ 37. Kxf3 Qc6+ 38. Kg4 Qc8+ 39. Kf3
Qxc5 40. Qb1 Qc6+ 41. Kg4 Re4 42. Qd3 Qxc4 43. Qd7+ Re7 44. Qf5 Qe4 0-1

[Event "Ct. Catalunya eq DH"]
[Site "?"]
[Date "2013.03.09"]
[Round "8.3"]
[White "Cruz Sanchez, C."]
[Black "Delorme, Axel"]
[Result "1-0"]
[WhiteElo "2547"]
[BlackElo "2471"]
[PlyCount "111"]
[EventDate "2013.??.??"]
[EventType "tourn"]
[EventRounds "11"]

1. d4 d5 2. c4 e6 3. Nc3 Nf6 4. cxd5 exd5 5. Bg5 c6 6. e3 Bf5 7. Qf3 Be6 8.
Bxf6 Qxf6 9. Qxf6 gxf6 10. Bd3 Nd7 11. Nge2 Nb6 12. f3 Nc4 13. Bxc4 dxc4 14.
Kf2 f5 15. Nf4 Bd7 16. a4 Bd6 17. Nce2 a5 18. Rhc1 b5 19. d5 c5 20. axb5 Bxb5
21. Ng3 Bd7 22. Rxc4 Ke7 23. Nge2 Rhb8 24. Rc2 a4 25. Nd3 Rb6 26. f4 Rab8 27.
Ra2 f6 28. Nc3 c4 29. Ne1 Rb4 30. Rd2 Bc5 31. Ne2 Kd6 32. Kf3 Rb3 33. Nc2 a3
34. bxa3 Bxe3 35. Nxe3 Re8 36. Kf2 Rexe3 37. a4 Red3 38. Rdc2 Kxd5 39. Nc1 Rd4
40. Ne2 Rdd3 41. a5 Ra3 42. Nc1 Rdc3 43. Rxc3 Rxc3 44. Ne2 Rd3 45. a6 Bc6 46.
Ra5+ Ke6 47. a7 Ba8 48. Ra6+ Ke7 49. Ra4 Rd7 50. g3 Rb7 51. Ke3 Rb3+ 52. Kd4
Rb2 53. Nc3 Rxh2 54. Nd5+ Kf7 55. Nb6 Bc6 56. Rxc4 1-0

[Event "Ct. Catalunya eq DH"]
[Site "?"]
[Date "2013.03.09"]
[Round "8.3"]
[White "Dominguez Pons, E."]
[Black "Lillo Castany, V."]
[Result "1/2-1/2"]
[WhiteElo "2371"]
[BlackElo "2359"]
[PlyCount "101"]
[EventDate "2013.??.??"]
[EventType "tourn"]
[EventRounds "11"]

1. d4 d5 2. c4 c6 3. cxd5 cxd5 4. Nc3 Nc6 5. Nf3 Nf6 6. Bf4 Ne4 7. e3 Nxc3 8.
bxc3 g6 9. Bd3 Bg7 10. O-O O-O 11. h3 b6 12. c4 dxc4 13. Bxc4 Bb7 14. Qe2 Rc8
15. Ba6 Bxa6 16. Qxa6 Qd7 17. Rac1 Rfe8 18. Rfd1 Nb4 19. Qa3 Nd5 20. Be5 Qb7
21. Qb3 Nf6 22. a4 Ne4 23. Qb5 Bxe5 24. Nxe5 Nd6 25. Qb2 Rxc1 26. Rxc1 Rc8 27.
Rc2 f6 28. Nd3 Rxc2 29. Qxc2 Qc8 30. Qd1 Qc4 31. Nf4 Kg7 32. d5 Ne4 33. h4 h5
34. g4 Nc3 35. Qc2 f5 36. gxf5 gxf5 37. Nxh5+ Kg6 38. Nf4+ Kf6 39. d6 e6 40. h5
Qb4 41. d7 Ke7 42. Qd3 Nd5 43. Nxd5+ exd5 44. Qxd5 Qg4+ 45. Kf1 Kd8 46. Ke1
Qg1+ 47. Ke2 Qg4+ 48. Kd2 Qb4+ 49. Ke2 Qg4+ 50. Kd2 Qb4+ 51. Ke2 1/2-1/2

[Event "Ct. Catalunya eq DH"]
[Site "?"]
[Date "2013.03.09"]
[Round "8.3"]
[White "Oratovsky, M."]
[Black "Lorenzo de la Riva, L."]
[Result "0-1"]
[WhiteElo "2543"]
[BlackElo "2513"]
[PlyCount "49"]
[EventDate "2013.??.??"]
[EventType "tourn"]
[EventRounds "11"]

1. e4 c5 2. Nf3 e6 3. c4 Nc6 4. Nc3 Nd4 5. Nxd4 cxd4 6. Ne2 Nf6 7. Ng3 h5 8.
Bd3 h4 9. Ne2 e5 10. h3 d6 11. Bc2 Be7 12. Ba4+ Nd7 13. d3 O-O 14. b4 a5 15.
Bd2 axb4 16. Bxb4 Nc5 17. Bc2 f5 18. exf5 Bxf5 19. O-O Qd7 20. Kh2 Rf6 21. a4
Raf8 22. f3 Bxh3 23. gxh3 Rxf3 24. Rxf3 Rxf3 25. Ng1 0-1

[Event "Ct. Catalunya eq DH"]
[Site "?"]
[Date "2013.03.09"]
[Round "8.4"]
[White "Crespo Revilla, JM."]
[Black "Bergez, L."]
[Result "0-1"]
[WhiteElo "2241"]
[BlackElo "2418"]
[PlyCount "78"]
[EventDate "2013.??.??"]
[EventType "tourn"]
[EventRounds "11"]

1. e4 c6 2. d4 d5 3. Nd2 dxe4 4. Nxe4 Nf6 5. Ng5 Bf5 6. Bc4 e6 7. Ne2 Nbd7 8.
O-O h6 9. Nf3 Bd6 10. Bd3 Bxd3 11. Qxd3 Qc7 12. c4 Rd8 13. Re1 O-O 14. Ng3 c5
15. Qc2 a6 16. b3 b5 17. cxb5 axb5 18. Bb2 c4 19. a4 Nd5 20. axb5 c3 21. Bc1
Rb8 22. Ne4 Bb4 23. Qd3 Qb7 24. Ne5 Nxe5 25. dxe5 Rfd8 26. Qg3 Kh7 27. Qh4 Bf8
28. g4 Ra8 29. Ra4 Qxb5 30. g5 Qxb3 31. Rxa8 Rxa8 32. gxh6 gxh6 33. Qh5 Ra7 34.
Nd6 f5 35. Nf7 Qb6 36. Nxh6 f4 37. Ng4+ Kg8 38. Bxf4 c2 39. Be3 Qb1 0-1

[Event "Ct. Catalunya eq DH"]
[Site "?"]
[Date "2013.03.09"]
[Round "8.4"]
[White "Jose Queralto, D."]
[Black "Perpinya Rofes, LM."]
[Result "0-1"]
[WhiteElo "2287"]
[BlackElo "2439"]
[PlyCount "48"]
[EventDate "2013.??.??"]
[EventType "tourn"]
[EventRounds "11"]

1. e4 c5 2. Nf3 Nc6 3. d4 cxd4 4. Nxd4 e6 5. Nxc6 bxc6 6. Bd3 d5 7. O-O Nf6 8.
Nc3 Rb8 9. Re1 Be7 10. Qf3 O-O 11. e5 Nd7 12. Bxh7+ Kxh7 13. Qh5+ Kg8 14. Re3
f5 15. Rh3 Nxe5 16. Bf4 Bf6 17. Re1 d4 18. Rxe5 dxc3 19. b3 Qd4 20. Qh7+ Kf7
21. Qh5+ g6 22. Qh7+ Bg7 23. g3 Qd1+ 24. Kg2 Ba6 0-1

[Event "Ct. Catalunya eq DH"]
[Site "?"]
[Date "2013.03.09"]
[Round "8.4"]
[White "Rodriguez Cespedes, A."]
[Black "Herraiz Hidalgo, H."]
[Result "1/2-1/2"]
[WhiteElo "2472"]
[BlackElo "2499"]
[PlyCount "48"]
[EventDate "2013.??.??"]
[EventType "tourn"]
[EventRounds "11"]

1. e4 c5 2. Nf3 Nc6 3. d4 cxd4 4. Nxd4 g6 5. c4 Bg7 6. Be3 Nf6 7. Nc3 d6 8. Be2
O-O 9. O-O Bd7 10. Qd2 Nxd4 11. Bxd4 Bc6 12. f3 a5 13. Rab1 Nd7 14. Be3 Nc5 15.
Rfc1 Be5 16. Kh1 e6 17. Bg5 f6 18. Bf4 g5 19. Bxe5 dxe5 20. Rd1 Qxd2 21. Rxd2
Rfd8 22. Rbd1 Rxd2 23. Rxd2 Kf7 24. Kg1 Ke7 1/2-1/2

[Event "Ct. Catalunya eq DH"]
[Site "?"]
[Date "2013.03.09"]
[Round "8.4"]
[White "Sanchez Ibern, M."]
[Black "Hernando Rodrigo, J."]
[Result "1/2-1/2"]
[WhiteElo "2403"]
[BlackElo "2380"]
[PlyCount "70"]
[EventDate "2013.??.??"]
[EventType "tourn"]
[EventRounds "11"]

1. e4 e6 2. d4 d5 3. Nc3 Bb4 4. Nge2 dxe4 5. a3 Be7 6. Nxe4 Nf6 7. Nxf6+ Bxf6
8. Be3 O-O 9. Qd2 Nc6 10. O-O-O b5 11. Nf4 b4 12. axb4 a5 13. b5 Nb4 14. Bc4 c6
15. bxc6 Rb8 16. Nh5 Be7 17. Bf4 Rb6 18. d5 exd5 19. Qd4 f6 20. Bxd5+ Qxd5 21.
Qxd5+ Nxd5 22. Rxd5 a4 23. Re1 Bb4 24. Bd2 Bxd2+ 25. Kxd2 Rxc6 26. Re7 g6 27.
Nf4 Bf5 28. Nd3 Rb6 29. Rd4 Bxd3 30. Kxd3 Rxb2 31. Rxa4 Rc8 32. Re3 Rc7 33. Rc4
Rd7+ 34. Rd4 Rbb7 35. c3 Kf7 1/2-1/2

[Event "Ct. Catalunya eq DH"]
[Site "?"]
[Date "2013.03.09"]
[Round "8.5"]
[White "Aloma Vidal, R."]
[Black "Panelo Muñoz, MA."]
[Result "1/2-1/2"]
[WhiteElo "2475"]
[BlackElo "2468"]
[PlyCount "109"]
[EventDate "2013.??.??"]
[EventType "tourn"]
[EventRounds "11"]

1. d4 Nf6 2. c4 e6 3. Nf3 b6 4. g3 Ba6 5. b3 Bb4+ 6. Bd2 Be7 7. Bg2 d5 8. Bc3
c6 9. Nbd2 Nbd7 10. Qc2 O-O 11. e4 dxe4 12. Ng5 Nd5 13. h4 Nxc3 14. Qxc3 c5 15.
Bxe4 h6 16. Ndf3 cxd4 17. Nxd4 Nc5 18. Bh7+ Kh8 19. Rd1 Bb7 20. Ndf3 Qc7 21.
Qe3 Bxf3 22. Qxf3 Bxg5 23. hxg5 Qe5+ 24. Kf1 Kxh7 25. b4 Qe4 26. Qh5 Qxc4+ 27.
Kg1 Nd3 28. gxh6 g6 29. Qf3 Nf4 30. Rh4 e5 31. gxf4 Qxb4 32. Rg4 e4 33. f5 exf3
34. Rxb4 Rad8 35. Rbd4 Rxd4 36. Rxd4 Kxh6 37. Rd7 Kg5 38. fxg6 fxg6 39. Rxa7
Kg4 40. Rh7 Rf6 41. a4 Rd6 42. Rc7 Rd4 43. Kh2 g5 44. Rc6 Rb4 45. Rg6 Kf4 46.
Rf6+ Ke5 47. Rxf3 Rxa4 48. Rb3 Ra6 49. Rb5+ Kf4 50. Kg2 Kg4 51. Rb4+ Kf5 52.
Kg3 Ke6 53. Kg4 Kd6 54. Kxg5 Kc5 55. Rb1 1/2-1/2

[Event "Ct. Catalunya eq DH"]
[Site "?"]
[Date "2013.03.09"]
[Round "8.5"]
[White "Escandell Mari, JC."]
[Black "Almeida Toledano, D."]
[Result "1/2-1/2"]
[WhiteElo "2366"]
[BlackElo "2383"]
[PlyCount "51"]
[EventDate "2013.??.??"]
[EventType "tourn"]
[EventRounds "11"]

1. e4 e6 2. d4 d5 3. Nd2 Nc6 4. Ngf3 Nf6 5. e5 Nd7 6. Nb3 Be7 7. c3 f6 8. Bd3
fxe5 9. Nxe5 Ndxe5 10. dxe5 Nxe5 11. Qh5+ Nf7 12. Bxh7 Bf6 13. Be3 Bd7 14.
O-O-O Ba4 15. Rhe1 Bxb3 16. axb3 Qd7 17. Qg6 O-O-O 18. f4 Nd6 19. Qd3 Kb8 20.
g4 Rdf8 21. Re2 Bd8 22. g5 b6 23. Rde1 Nf5 24. Bxf5 Rxf5 25. Bd2 Re8 26. b4
1/2-1/2

[Event "Ct. Catalunya eq DH"]
[Site "?"]
[Date "2013.03.09"]
[Round "8.5"]
[White "Grafl, F."]
[Black "Escobar Torres, A."]
[Result "1-0"]
[WhiteElo "2416"]
[BlackElo "2230"]
[PlyCount "111"]
[EventDate "2013.??.??"]
[EventType "tourn"]
[EventRounds "11"]

1. f4 d5 2. Nf3 Bf5 3. d3 e6 4. g3 h6 5. Bg2 Bc5 6. Nc3 Nf6 7. e3 c6 8. Qe2 Bh7
9. Bd2 a5 10. e4 a4 11. a3 Qb6 12. O-O-O dxe4 13. Nxe4 Nxe4 14. dxe4 Qa6 15.
Rhe1 Qxe2 16. Rxe2 Nd7 17. Bc3 Rg8 18. f5 Ke7 19. g4 Nf6 20. Ne5 Rgd8 21. h4
Rxd1+ 22. Kxd1 Rd8+ 23. Ke1 Bd4 24. Bxd4 Rxd4 25. Rd2 Rxd2 26. Kxd2 Bg8 27. Kc3
Kd6 28. Nc4+ Kc5 29. b4+ axb3 30. cxb3 exf5 31. gxf5 Kb5 32. Kd4 c5+ 33. Ke3
Ka6 34. Nd6 Nd7 35. Bf1+ Kb6 36. Bc4 Kc6 37. Ne8 Nb6 38. Nxg7 Nxc4+ 39. bxc4
Kd6 40. f6 Ke5 41. Nf5 h5 42. Nh6 Bh7 43. Nxf7+ Kxf6 44. Nd6 b6 45. Kf4 Bg8 46.
e5+ Kg6 47. Nc8 Bxc4 48. Nxb6 Be6 49. Ke4 c4 50. Na4 Bd7 51. Nc3 Bc6+ 52. Kd4
Kf5 53. Kc5 Be8 54. Kd6 Kg4 55. a4 Kxh4 56. a5 1-0

[Event "Ct. Catalunya eq DH"]
[Site "?"]
[Date "2013.03.09"]
[Round "8.5"]
[White "Gual Pascual, A."]
[Black "Asis Gargatagli, H."]
[Result "0-1"]
[WhiteElo "2542"]
[BlackElo "2513"]
[PlyCount "62"]
[EventDate "2013.??.??"]
[EventType "tourn"]
[EventRounds "11"]

1. d4 Nf6 2. c4 e6 3. Nf3 c5 4. d5 d6 5. Nc3 exd5 6. cxd5 g6 7. Bg5 h6 8. Bh4
a6 9. a4 g5 10. Bg3 Nh5 11. e3 Nxg3 12. hxg3 Bg7 13. Bd3 Nd7 14. Qc2 Rb8 15.
O-O O-O 16. a5 b5 17. axb6 Rxb6 18. Ra2 g4 19. Nd2 Ne5 20. Nc4 Nxc4 21. Bxc4 h5
22. Ne2 h4 23. gxh4 Qxh4 24. b3 Be5 25. g3 Qh6 26. Nf4 Kg7 27. f3 Rh8 28. Qg2
Bf5 29. fxg4 Bxg4 30. Be2 Bxe2 31. Rxe2 Rxb3 0-1

[Event "Ct. Catalunya eq DH"]
[Site "?"]
[Date "2013.03.09"]
[Round "8.5"]
[White "Rahal, M."]
[Black "Garcia Paolicchi, R."]
[Result "1/2-1/2"]
[WhiteElo "2433"]
[BlackElo "2271"]
[PlyCount "89"]
[EventDate "2013.??.??"]
[EventType "tourn"]
[EventRounds "11"]

1. e4 d5 2. exd5 Qxd5 3. Nc3 Qa5 4. d4 Nf6 5. Nf3 Bf5 6. Bd2 c6 7. Bc4 e6 8.
Nd5 Qd8 9. Nxf6+ gxf6 10. c3 Nd7 11. Qe2 Qc7 12. Nh4 Bg6 13. O-O O-O-O 14. g3
Bd6 15. Bh6 Rde8 16. f4 f5 17. Bg7 Rhg8 18. Be5 Nxe5 19. fxe5 Be7 20. Ng2 h5
21. h4 f4 22. Rxf4 Rg7 23. Kh2 Reg8 24. Rg1 Kb8 25. Ne3 c5 26. Qf3 cxd4 27.
cxd4 Rd8 28. Rd1 Rh7 29. Kh3 Bf8 30. d5 exd5 31. Nxd5 Qd7+ 32. Kh2 Bg7 33. Ne3
Qc7 34. Rxd8+ Qxd8 35. Qf2 Qd7 36. Bxf7 Qd3 37. Bxg6 Qxg6 38. Nc4 Bh6 39. Rf6
Qe4 40. Rxh6 Rxh6 41. Qf8+ Kc7 42. Qg7+ Kb8 43. Qf8+ Kc7 44. Qg7+ Kb8 45. Qf8+
1/2-1/2

[Event "Ct. Catalunya eq DH"]
[Site "?"]
[Date "2013.03.09"]
[Round "8.5"]
[White "Travesset Ribera, J."]
[Black "Casanellas Ruano, L."]
[Result "1/2-1/2"]
[WhiteElo "2324"]
[BlackElo "2290"]
[PlyCount "23"]
[EventDate "2013.??.??"]
[EventType "tourn"]
[EventRounds "11"]

1. d4 d5 2. Bf4 Nf6 3. e3 Bf5 4. c4 c6 5. Qb3 b6 6. Nc3 e6 7. Rc1 Bd6 8. Bxd6
Qxd6 9. Nf3 O-O 10. cxd5 exd5 11. Ne5 Nbd7 12. Nxd7 1/2-1/2

[Event "Ct. Catalunya eq DH"]
[Site "?"]
[Date "2013.03.09"]
[Round "8.6"]
[White "Alexandrova, O."]
[Black "Bofill Mas, A."]
[Result "1-0"]
[WhiteElo "2418"]
[BlackElo "2417"]
[PlyCount "89"]
[EventDate "2013.??.??"]
[EventType "tourn"]
[EventRounds "11"]

1. d4 Nf6 2. c4 g6 3. Nc3 d5 4. e3 Bg7 5. Qb3 c6 6. Nf3 O-O 7. Bd2 e6 8. cxd5
exd5 9. Bd3 Re8 10. O-O Ne4 11. Be1 Nd6 12. Na4 Bg4 13. Ne5 Bxe5 14. dxe5 Rxe5
15. Bc3 Rh5 16. Qb4 Bc8 17. Qd4 f6 18. Qxf6 Qxf6 19. Bxf6 Nd7 20. g4 Rh3 21.
Kg2 Nxf6 22. Kxh3 Nxg4 23. Kg3 Ne5 24. Bc2 b6 25. Nc3 Be6 26. b3 Re8 27. f3 Kg7
28. Rad1 Nf5+ 29. Bxf5 Bxf5 30. e4 dxe4 31. Nxe4 Bxe4 32. fxe4 Re7 33. Rd6 c5
34. Rff6 Nf7 35. Rfe6 Rb7 36. Rd5 Rc7 37. Re8 b5 38. e5 Nh6 39. e6 Kf6 40. Rd7
Rc6 41. e7 Nf5+ 42. Kf2 Ke6 43. Rxa7 c4 44. Rh8 Nxe7 45. Re8 1-0

[Event "Ct. Catalunya eq DH"]
[Site "?"]
[Date "2013.03.09"]
[Round "8.6"]
[White "Jose Abril, R."]
[Black "Vidarte Morales, A."]
[Result "0-1"]
[WhiteElo "2397"]
[BlackElo "2412"]
[PlyCount "186"]
[EventDate "2013.??.??"]
[EventType "tourn"]
[EventRounds "11"]

1. d4 Nf6 2. c4 g6 3. Nc3 Bg7 4. e4 d6 5. f3 O-O 6. Be3 c5 7. Nge2 Nbd7 8. Qd2
Qa5 9. Rd1 a6 10. Nc1 Re8 11. Be2 Qc7 12. O-O b6 13. d5 b5 14. cxb5 axb5 15.
Nxb5 Qb8 16. b3 Nb6 17. a4 Ba6 18. Kh1 Nfd7 19. Na2 Nc8 20. Rb1 Na7 21. Na3
Bxe2 22. Qxe2 Nc8 23. Qc2 Ncb6 24. Nc3 Rc8 25. Nab5 Ra6 26. Bg5 Kf8 27. Ra1 Na8
28. Qd2 Rb6 29. Bh6 Nf6 30. Bxg7+ Kxg7 31. f4 Nc7 32. e5 Nfe8 33. Rae1 Nxb5 34.
axb5 Qc7 35. Rf3 Rcb8 36. Rh3 h5 37. e6 f5 38. Qb2 Nf6 39. Rg3 Rxb5 40. Nxb5
Rxb5 41. Qc2 Kh6 42. Rg5 Qb7 43. Rg3 Qxd5 44. Rd3 Qb7 45. Qc3 Qc7 46. h3 Rb4
47. Rf3 Rb8 48. Qe3 Qb7 49. Qf2 Kh7 50. Qh4 Kg7 51. Rg3 Kh7 52. Rd3 Qc7 53. Qf2
Kg7 54. Ra1 Qb7 55. Rg3 Qd5 56. Ra7 Qxe6 57. Re3 Ne4 58. Qb2+ Kf7 59. Kh2 h4
60. Qc2 Re8 61. Qe2 Rb8 62. Qd1 Kf8 63. Qe1 Qf6 64. Rxe4 fxe4 65. Qxe4 Rb4 66.
Ra8+ Kg7 67. Qd5 Qxf4+ 68. Kh1 Qf1+ 69. Kh2 Qf7 70. Qd3 Qf4+ 71. Kh1 Rd4 72.
Qc3 Qf1+ 73. Kh2 Qd3 74. Qe1 Qg3+ 75. Qxg3 hxg3+ 76. Kxg3 Rd3+ 77. Kg4 Rxb3 78.
Rc8 Kf6 79. Rf8+ Ke6 80. Rg8 Kf7 81. Rc8 Rd3 82. h4 Rd5 83. Kf4 Kg7 84. g4 Re5
85. g5 Rd5 86. Rc7 Rd4+ 87. Kg3 Kf7 88. Rc8 c4 89. Rh8 d5 90. Rh7+ Ke6 91. Rg7
c3 92. Rxg6+ Kf7 93. Rc6 Rc4 0-1

[Event "Ct. Catalunya eq DH"]
[Site "?"]
[Date "2013.03.09"]
[Round "8.6"]
[White "Maroto Borras, JL."]
[Black "Perez Mañas, B."]
[Result "0-1"]
[WhiteElo "2226"]
[BlackElo "2381"]
[PlyCount "66"]
[EventDate "2013.??.??"]
[EventType "tourn"]
[EventRounds "11"]

1. d4 d5 2. g3 e6 3. Bg2 Nf6 4. Nf3 c5 5. c4 Nc6 6. cxd5 exd5 7. Nc3 Be7 8. Bg5
cxd4 9. Nxd4 h6 10. Be3 O-O 11. O-O Bg4 12. Qb3 Na5 13. Qc2 Nc4 14. Bf4 Rc8 15.
Rad1 Qd7 16. Qb3 Bc5 17. Rd3 Rfe8 18. Rfd1 Ne4 19. Na4 Na5 20. Nxc5 Nxc5 21.
Qxd5 Qxd5 22. Bxd5 Nxd3 23. Rxd3 Bxe2 24. Nxe2 Rxe2 25. b4 Nc6 26. a3 Re7 27.
Rc3 Rd7 28. Bf3 Ne7 29. Re3 Ng6 30. Be5 Nxe5 31. Rxe5 Rc3 32. Be4 g6 33. a4 Rc4
0-1

[Event "Ct. Catalunya eq DH"]
[Site "?"]
[Date "2013.03.09"]
[Round "8.6"]
[White "Ribera Baztan, J."]
[Black "Colon Garcia, E."]
[Result "0-1"]
[WhiteElo "2190"]
[BlackElo "2381"]
[PlyCount "79"]
[EventDate "2013.??.??"]
[EventType "tourn"]
[EventRounds "11"]

1. d4 Nf6 2. c4 e6 3. g3 d5 4. Nf3 Bb4+ 5. Bd2 Be7 6. Bg2 O-O 7. O-O c6 8. Qc2
b6 9. Rd1 Ba6 10. b3 Nbd7 11. a4 Bd6 12. a5 Ne4 13. Be1 f5 14. e3 Qe7 15. Nc3
Bb4 16. Na2 Bxe1 17. Rxe1 c5 18. cxd5 exd5 19. Qb2 c4 20. bxc4 Bxc4 21. Nb4 Qd6
22. Nd2 bxa5 23. Nxc4 Qxb4 24. Qxb4 axb4 25. Na5 Rfc8 26. Reb1 Rab8 27. Bxe4
dxe4 28. Ra4 Rb5 29. Rbxb4 Rc1+ 30. Kg2 Rxb4 31. Rxb4 Rc2 32. h3 Kf7 33. g4 g6
34. gxf5 gxf5 35. Kg3 Ke6 36. f3 Nb6 37. fxe4 fxe4 38. Nb3 Nd5 39. Ra4 Rc7 40.
Kf2 0-1

[Event "Ct. Catalunya eq DH"]
[Site "?"]
[Date "2013.03.09"]
[Round "8.6"]
[White "Ryan, J."]
[Black "Baños, OF."]
[Result "1/2-1/2"]
[WhiteElo "2363"]
[BlackElo "2314"]
[PlyCount "73"]
[EventDate "2013.??.??"]
[EventType "tourn"]
[EventRounds "11"]

1. Nf3 f5 2. d4 Nf6 3. Bg5 e6 4. Nbd2 d5 5. e3 Bd6 6. Bd3 O-O 7. c4 c6 8. Qc2
Qe8 9. Bxf6 Rxf6 10. O-O-O g6 11. h3 Nd7 12. g4 Kh8 13. gxf5 gxf5 14. Rdg1 Rg6
15. Rxg6 Qxg6 16. Rg1 Qf6 17. Qd1 Nf8 18. Ng5 Bd7 19. Qh5 Be8 20. Qh4 Rc8 21.
Kb1 Rc7 22. c5 Be7 23. Qg3 Qxg5 24. Qxg5 Bxg5 25. Rxg5 Rg7 26. Rxg7 Kxg7 27. f4
Kh6 28. Be2 Bh5 29. Bf1 Be8 30. Kc2 Kh5 31. Nf3 Kh6 32. b4 Bh5 33. Nd2 Be8 34.
Kd1 Nd7 35. a4 Nf6 36. Nb3 Kg7 37. Ke1 1/2-1/2

[Event "Ct. Catalunya eq DH"]
[Site "?"]
[Date "2013.03.09"]
[Round "8.7"]
[White "Garcia Jimenez, FJ."]
[Black "Draghici Flutor, G."]
[Result "1-0"]
[WhiteElo "2342"]
[BlackElo "2207"]
[PlyCount "129"]
[EventDate "2013.??.??"]
[EventType "tourn"]
[EventRounds "11"]

1. e4 c5 2. Nc3 a6 3. a4 Nc6 4. g3 g6 5. Bg2 Bg7 6. d3 Rb8 7. Be3 d6 8. Qd2 b5
9. axb5 axb5 10. Nge2 Nd4 11. O-O h5 12. Ra7 h4 13. Bxd4 cxd4 14. Nd5 Bb7 15.
Qb4 Bxd5 16. exd5 hxg3 17. hxg3 Qb6 18. Rfa1 Nh6 19. R1a6 Qc5 20. Qxc5 dxc5 21.
Rc7 c4 22. d6 exd6 23. Bc6+ Kf8 24. Bxb5 cxd3 25. Bxd3 Be5 26. f4 Bf6 27. Rxd6
Kg7 28. b3 Rhd8 29. Rdd7 Rxd7 30. Rxd7 Rb4 31. Bc4 Kf8 32. Nxd4 Ke8 33. Rd5 Ng4
34. Nc6 Rb6 35. Ra5 Ne3 36. Ne5 Nxc2 37. Ra8+ Ke7 38. Ra7+ Kd6 39. Nxf7+ Kc5
40. Ne5 Bxe5 41. Ra5+ Kd4 42. Rd5+ Ke4 43. Rxe5+ Kf3 44. Kh2 Ne3 45. Kh3 Rb8
46. Rxe3+ Kxe3 47. Kh4 Kf2 48. g4 Rf8 49. Kg5 Kg3 50. f5 gxf5 51. gxf5 Kf3 52.
f6 Ke4 53. f7 Ke5 54. Kg6 Kd6 55. Kf6 Rb8 56. Kg7 Ke7 57. Bb5 Rd8 58. Bc6 Rf8
59. Bd5 Rd8 60. b4 Kd6 61. Bc4 Ke7 62. b5 Rb8 63. b6 Kd6 64. Ba6 Kc6 65. b7 1-0

[Event "Ct. Catalunya eq DH"]
[Site "?"]
[Date "2013.03.09"]
[Round "8.7"]
[White "Monraba Capella, M."]
[Black "Fernandez Lopez, J."]
[Result "1/2-1/2"]
[WhiteElo "2346"]
[BlackElo "2154"]
[PlyCount "71"]
[EventDate "2013.??.??"]
[EventType "tourn"]
[EventRounds "11"]

1. e4 c5 2. Nf3 Nc6 3. d4 cxd4 4. Nxd4 g6 5. Nc3 Bg7 6. Be3 Nf6 7. Nb3 O-O 8.
Be2 d6 9. O-O Be6 10. f4 Qd7 11. h3 Rfd8 12. Bf3 Bc4 13. Rf2 d5 14. e5 Ne8 15.
Rd2 e6 16. Nd4 Nxd4 17. Bxd4 Nc7 18. b3 Ba6 19. Qe1 Nb5 20. Nxb5 Qxb5 21. Qe3
Bf8 22. Kh2 Rdc8 23. g4 Rc7 24. f5 Rac8 25. c3 Bc5 26. Qh6 Bxd4 27. cxd4 Qb4
28. Rad1 Rc2 29. Kg3 R8c3 30. h4 Qe7 31. f6 Qf8 32. Qxf8+ Kxf8 33. Kf2 h6 34.
Be2 Bxe2 35. Kxe2 Rxd2+ 36. Rxd2 1/2-1/2

[Event "Ct. Catalunya eq DH"]
[Site "?"]
[Date "2013.03.09"]
[Round "8.7"]
[White "Ramirez Garcia, JA."]
[Black "Pardo Simon, D."]
[Result "1/2-1/2"]
[WhiteElo "2309"]
[BlackElo "2418"]
[PlyCount "105"]
[EventDate "2013.??.??"]
[EventType "tourn"]
[EventRounds "11"]

1. e4 e5 2. Nf3 Nc6 3. Nc3 Nf6 4. d4 exd4 5. Nxd4 Bb4 6. Nxc6 bxc6 7. Bd3 d5 8.
exd5 cxd5 9. O-O O-O 10. h3 h6 11. Qf3 Re8 12. Bf4 Bb7 13. Rad1 Qe7 14. Nb5 Ba5
15. Nd4 Ne4 16. Bb5 Rf8 17. Nc6 Qe8 18. Rxd5 Bxc6 19. Bxc6 Qxc6 20. Qxe4 Rfe8
21. Qd3 Bb6 22. Be5 Qe6 23. Bc3 Qc6 24. Qg3 f6 25. Qd3 Re7 26. Bb4 Re6 27. c4
a5 28. Bc3 a4 29. Bb4 Rae8 30. Rd1 Re4 31. b3 axb3 32. axb3 Rf4 33. Rf1 Qe6 34.
Bc5 Re4 35. Bxb6 Qxb6 36. Rd8 Rxd8 37. Qxd8+ Kh7 38. Qd3 f5 39. Rd1 Qb4 40. Kh2
Qe7 41. Qd5 Qg5 42. Qd2 Qf6 43. Qd5 Qg5 44. Kg1 Qf4 45. Qd2 Qe5 46. Qd5 Re1+
47. Rxe1 Qxe1+ 48. Kh2 Qxf2 49. Qe5 c5 50. Kh1 h5 51. Qe8 Kh6 52. Qh8+ Kg5 53.
Qd8+ 1/2-1/2

[Event "Ct. Catalunya eq DH"]
[Site "?"]
[Date "2013.03.09"]
[Round "8.8"]
[White "Gutierrez Clares, J."]
[Black "Martinez Ramirez, E."]
[Result "0-1"]
[WhiteElo "2321"]
[BlackElo "2373"]
[PlyCount "128"]
[EventDate "2013.??.??"]
[EventType "tourn"]
[EventRounds "11"]

1. d4 Nf6 2. c4 g6 3. Nc3 d5 4. Nf3 Bg7 5. Bg5 Ne4 6. cxd5 Nxg5 7. Nxg5 e6 8.
Qd2 exd5 9. Qe3+ Kf8 10. Qf4 Qf6 11. Nxd5 Qxf4 12. Nxf4 Bxd4 13. Nd3 Nc6 14. e3
Bg7 15. Be2 h6 16. Ne4 Bf5 17. Nc3 Ne5 18. Nxe5 Bxe5 19. O-O-O c6 20. Bc4 Ke7
21. h3 b5 22. Bb3 h5 23. Ne2 Rad8 24. Nd4 Bxd4 25. exd4 Rhe8 26. d5 c5 27. d6+
Kf6 28. Rd2 Be4 29. f3 Bc6 30. Rhd1 c4 31. Bc2 Ke6 32. f4 Kd7 33. f5 Be4 34.
fxg6 fxg6 35. Bxe4 Rxe4 36. Rd5 Rb8 37. Rc5 Rb7 38. Rdd5 a6 39. a4 b4 40. Rg5
Re6 41. Rxc4 Rxd6 42. b3 Ke7 43. h4 Kf6 44. a5 Re6 45. g4 hxg4 46. Rgxg4 Rb5
47. Rxb4 Rxa5 48. Kc2 Kg7 49. Rg5 Ree5 50. Rbg4 Rxg5 51. hxg5 Kf7 52. Rf4+ Rf5
53. Rg4 a5 54. Kd3 Rb5 55. Kc3 Ke6 56. Rg1 Kf5 57. Kc4 Rb4+ 58. Kc3 Kf4 59.
Rf1+ Kxg5 60. Rg1+ Kf6 61. Rf1+ Kg7 62. Ra1 Rb5 63. Kd4 g5 64. Ke4 Kg6 0-1

[Event "Ct. Catalunya eq DH"]
[Site "?"]
[Date "2013.03.09"]
[Round "8.8"]
[White "Lillo Ferrer, JM."]
[Black "Subirats Ruiz, S."]
[Result "1/2-1/2"]
[WhiteElo "2200"]
[BlackElo "2253"]
[PlyCount "99"]
[EventDate "2013.??.??"]
[EventType "tourn"]
[EventRounds "11"]

1. g3 Nf6 2. Bg2 d5 3. d3 c5 4. Nf3 Nc6 5. O-O g6 6. Nc3 Bg7 7. a3 O-O 8. Rb1
d4 9. Na4 Qd6 10. c4 e5 11. b4 Nd7 12. e3 b6 13. bxc5 bxc5 14. Re1 Rb8 15. Rxb8
Ndxb8 16. exd4 cxd4 17. Qb3 h6 18. Nd2 Kh7 19. Ne4 Qc7 20. Bd2 f5 21. Nec5 Rf6
22. Qb5 Bf8 23. Rb1 Rd6 24. Bd5 Be7 25. f4 Bf6 26. Re1 Bg7 27. Kg2 Qd8 28. Rb1
Rxd5 29. cxd5 Qxd5+ 30. Kg1 e4 31. Qb3 Qxb3 32. Rxb3 e3 33. Be1 Bf8 34. Kf1 g5
35. Ke2 Bd6 36. Kf3 Na6 37. Nxa6 Bxa6 38. Bb4 Nxb4 39. axb4 Bb7+ 40. Ke2 gxf4
41. gxf4 Bd5 42. Rb1 Kg6 43. b5 Bxf4 44. Rg1+ Kf6 45. Nc5 Bd6 46. Rc1 Bg2 47.
Nb3 Ke5 48. Rg1 Bd5 49. Na5 f4 50. Nc6+ 1/2-1/2